Missing Vowels: Rock Stars - Statistics

General Stats
  • This quiz has been taken 81 times
  • The average score is 15 of 20
Answer Stats
Hint Answer % Correct
jmhndrx Jimi Hendrix
99%
bddyhlly Buddy Holly
90%
slsh Slash
88%
jhnlnnn John Lennon
87%
krtcbn Kurt Cobain
87%
rbrtplnt Robert Plant
87%
brcsprngstn Bruce Springsteen
86%
zzysbrn Ozzy Osbourne
84%
dvdbw David Bowie
83%
jnbnjv Jon Bon Jovi
81%
jmmrrsn Jim Morrison
80%
lvsprsly Elvis Presley
77%
bn Bono
70%
jnjtt Joan Jett
59%
dnhnly Don Henley
58%
tntrnr Tina Turner
55%
tdngnt Ted Nugent
54%
smmyhgr Sammy Hagar
52%
lnsmrsstt Alanis Morissette
43%
lmmy Lemmy
42%
No matching quizzes found
Score Distribution
Percent of People with Each Score
Percentile by Number Answered
Your Score History
You have not taken this quiz